Biggest Cities in Florida by Decade on a Map - Statistics

General Stats
  • This quiz has been taken 238 times
  • The average score is 17 of 32
Answers on the Map
Answers color-coded by a green-red scale on the quiz's map according to % correct below.
 
Answer Stats
Years Current # Top # City % Correct
1910-Present 2 1 Miami
99%
1850, 1890-Present 3 2 Tampa
99%
1850-Present 1 1 Jacksonville
98%
1890, 1920-Present 4 4 Orlando
97%
1860-1890, 1910, 1970, 1990-Present 8 4 Tallahassee
97%
1850-1930 99 1 Key West
91%
1920-Present 5 4 St. Petersburg
86%
1950-Present 10 5 Fort Lauderdale
77%
1850-1960 56 1 Pensacola
77%
Present 9 9 Cape Coral
69%
1850-1920 143 3 St. Augustine
69%
1900-1910 13 6 Gainesville
67%
1960-Present 6 5 Hialeah
67%
2010-Present 7 7 Port St. Lucie
67%
1920-1960 18 7 West Palm Beach
64%
1980-1990 17 10 Clearwater
63%
1930-1940 40 9 Daytona Beach
61%
1940-1980 31 6 Miami Beach
56%
1970-1990 12 6 Hollywood
53%
1930-1950 19 8 Lakeland
51%
1850, 1890-1900 43 8 Ocala
49%
2000-2010 11 10 Pembroke Pines
43%
1860-1880, 1900-1910 156 6 Lake City
21%
1860-1900 152 5 Fernandina
19%
1860-1880 278 6 Apalachicola
14%
1880-1900 167 6 Palatka
10%
1860-1880 168 7 Milton
9%
1850-1870 272 7 Monticello
8%
1850 205 6 Marianna
6%
1910-1920 - 5 West Tampa
5%
1850 - 9 Newport
3%
1850 390 10 St. Marks
3%
No matching quizzes found
Score Distribution
Percent of People with Each Score
Percentile by Number Answered
Your Score History
You have not taken this quiz